header

Altruism and Christian ethics (Record no. 1655)

MARC details
000 -LEADER
fixed length control field 01227nam a22003254a 4500
082 04 - DEWEY DECIMAL CLASSIFICATION NUMBER
Classification number 241/.4
100 1# - MAIN ENTRY--AUTHOR NAME
Personal name Grant, Colin,
245 10 - TITLE STATEMENT
Title Altruism and Christian ethics
260 ## - PUBLICATION, DISTRIBUTION, ETC. (IMPRINT)
Place of publication Cambridge, U.K. ;
-- New York :
Name of publisher Cambridge University Press,
Year of publication 2001.
300 ## - PHYSICAL DESCRIPTION
Number of Pages xix, 266 p.
490 1# - SERIES STATEMENT
Series statement New studies in Christian ethics
650 #0 - SUBJECT ADDED ENTRY--TOPICAL TERM
Topical Term Altruism.
Topical Term Christian ethics.
856 40 - ELECTRONIC LOCATION AND ACCESS
Uniform Resource Identifier http://site.ebrary.com/lib/rucke/Doc?id=5001928

No items available.

© 2026 Rongo University
Contact us: librarian | system librarian | Rongo university